[Event "HUN-chT1"]
[Site "HUN"]
[Date "1995.??.??"]
[Round "?"]
[White "Sutorikhin, Vladimir"]
[Black "Tompa, Janos"]
[Result "1/2-1/2"]
[WhiteElo "2360"]
[BlackElo "2450"]

1.d4 Nf6 2.Nf3 b6 3.c4 e6 4.Nc3 Bb7 5.g3 Be7 6.Bg2 d5 7.cxd5 exd5 8.Qa4+ c6
9.O-O O-O 10.Bf4 Re8 11.Rad1 a5 12.Rfe1 Nbd7 13.Ne5 b5 14.Qc2 Nf8 15.e4 Bb4
16.Bg5 Ne6 17.Bxf6 Qxf6 18.Ng4 Qg6 19.Ne5 Qf6 20.Ng4 Qg6 21.Ne5 Nxd4 22.Qd2 Rxe5
23.Qxd4 Rae8 24.a3 Bf8 25.Qb6 b4 26.axb4 axb4 27.Ne2 R5e7 28.Nf4 Qd6 29.Nxd5 Qxd5
30.Rxd5 cxd5 31.e5 Rd7 32.Bh3 Rde7 33.Rc1 d4 34.f4 d3 35.Qd4 Ba6 36.Bf5 Bb5
37.Qd5 Rb8 38.Rc8 Rxc8 39.Bxc8 d2 40.Bg4 Ba6 41.Qxd2 Rc7 42.e6 Bc4 43.exf7+ Bxf7
44.Bf3 Rc5 45.h4 h5 46.Be4 g6 47.Kg2 Be7 48.Qd3 Kg7 49.f5 gxf5 50.Bxf5 Rd5
51.Qe2 Bf6 52.Bb1 b3 53.Kh3 Rd4 54.Bf5 Rc4 55.Be6 Rc2 56.Qe4 Bxe6+ 57.Qxe6 Rxb2
58.Qd7+ Kf8 59.Qf5 Kg7 60.g4 hxg4+ 61.Qxg4+ Kf7 62.Qc4+ Kg7 63.Qc7+ Kg6 64.Qg3+ Kf5
65.Qd3+ Ke6 66.Qc4+ Kf5  1/2-1/2

[Event "HUN-chT1"]
[Site "HUN"]
[Date "1995.??.??"]
[Round "?"]
[White "Szabolcsi, Janos"]
[Black "Czebe, Attila"]
[Result "1-0"]
[WhiteElo "2470"]
[BlackElo "2430"]

1.d4 Nf6 2.c4 e6 3.Nf3 b6 4.Nc3 Bb4 5.g3 Bb7 6.Bg2 O-O 7.O-O Bxc3 8.bxc3 d6
9.Re1 c5 10.Bf4 Re8 11.Qa4 Ne4 12.Qc2 Qc7 13.Nd2 Nxd2 14.Bxd6 Qd7 15.Bxb7 Qxb7
16.Qxd2 Nc6 17.dxc5 Na5 18.Qd4 Qc6 19.cxb6 axb6 20.c5 Nb7 21.Qg4 Nxd6 22.cxd6 Qxd6
23.Red1 Qe5 24.Qf3 Rec8 25.a4 h6 26.Rd4 b5 27.a5 Qc7 28.a6 Ra7 29.Qd3 Rca8
30.Ra3 Qb6 31.Rd6 Qc7 32.e4 Kf8 33.e5 Qc5 34.Rd8+ Ke7 35.Rxa8 Rxa8 36.Qe4 Ra7
37.Qb4 Qxb4 38.cxb4 g5 39.Kg2 g4 40.f3 f6 41.exf6+ Kxf6 42.fxg4 Ke5 43.h4 Kd4
44.g5 hxg5 45.hxg5 Kc4 46.g6 Kxb4 47.Ra1  1-0

[Event "HUN-chT1"]
[Site "HUN"]
[Date "1995.??.??"]
[Round "?"]
[White "Priehoda, Vitezslav"]
[Black "Kiss, Attila"]
[Result "1/2-1/2"]
[WhiteElo "2400"]
[BlackElo "2380"]

1.d4 Nf6 2.c4 e6 3.Nf3 b6 4.Nc3 Bb7 5.a3 d5 6.Bg5 Be7 7.Qa4+ c6 8.Bxf6 Bxf6
9.cxd5 exd5 10.g3 O-O 11.Bg2 c5 12.O-O Nd7 13.e3 Re8 14.Rad1 a6 15.Qc2 Rc8
16.dxc5 Bxc3 17.Qxc3 bxc5 18.Ne1 Nf6  1/2-1/2

[Event "HUN-chT1"]
[Site "HUN"]
[Date "1995.??.??"]
[Round "?"]
[White "Szabolcsi, Janos"]
[Black "Kiss, Attila"]
[Result "1-0"]
[WhiteElo "2470"]
[BlackElo "2380"]

1.d4 Nf6 2.Nf3 b6 3.c4 e6 4.Nc3 Bb7 5.g3 Bxf3 6.exf3 d5 7.cxd5 exd5 8.Bf4 Bd6
9.Qe2+ Kf8 10.Be3 a5 11.Bg2 c6 12.O-O h6 13.Qc2 g6 14.Ne2 Kg7 15.Nc1 Ra7
16.Nd3 Rc7 17.f4 c5 18.dxc5 bxc5 19.Qa4 Nbd7 20.Qxa5 Qb8 21.b3 Re8 22.Bc1 c4
23.bxc4 dxc4 24.Nb2 Re2 25.Qc3 Bb4 26.Qf3 Qe8 27.Nd1 Re1 28.Bb2 Rxf1+ 29.Bxf1 Qe1
30.Ne3 Qxa1 31.Bxa1 c3 32.Nc2 Ba5 33.Kg2 Rc5 34.Bd3 Kg8 35.Nd4 Rd5 36.Nb3 Bb4
37.Bc4 Rd6 38.Bxc3  1-0

[Event "HUN-chT1"]
[Site "HUN"]
[Date "1995.??.??"]
[Round "?"]
[White "Petran, Pal"]
[Black "Ortel, Endre"]
[Result "1-0"]
[WhiteElo "2470"]
[BlackElo "2345"]

1.d4 e6 2.c4 Nf6 3.Nf3 b6 4.Nc3 Bb7 5.a3 d5 6.Qc2 Nbd7 7.cxd5 exd5 8.Bf4 a6
9.e3 c5 10.Bd3 Be7 11.O-O O-O 12.Rfd1 c4 13.Bf5 g6 14.Bh3 b5 15.Ne5 Nb6 16.f3 Nh5
17.Bh6 Re8 18.g4 Ng7 19.f4 Bd6 20.g5 Bc8 21.Bxc8 Qxc8 22.Bxg7 Kxg7 23.Qg2 Qe6
24.Rf1 Be7 25.Rf2 b4 26.axb4 Bxb4 27.f5 gxf5 28.Raf1 Bxc3 29.Rxf5 Re7 30.bxc3 a5
31.Rf6 Nd7 32.Rxe6 fxe6 33.Nxd7 Rxd7 34.Qg3 Re7 35.Kh1 a4 36.Qh3 Kg8 37.g6 Rg7
38.gxh7+ Kh8 39.Qxe6  1-0

[Event "HUN-chT1"]
[Site "HUN"]
[Date "1995.??.??"]
[Round "?"]
[White "Petran, Pal"]
[Black "Lengyel, Levente"]
[Result "1/2-1/2"]
[WhiteElo "2470"]
[BlackElo "2365"]

1.d4 Nf6 2.c4 e6 3.Nf3 b6 4.Nc3 Bb7 5.a3 d5 6.Qc2 dxc4 7.e4 c5 8.d5 exd5
9.exd5 Nxd5 10.Bxc4 Qe7+ 11.Kf1 Nxc3 12.Qxc3 Qf6 13.Ne5 Be7 14.Bxf7+ Kd8  1/2-1/2

[Event "ISR-NLD m rapid"]
[Site "Internet"]
[Date "1995.??.??"]
[Round "2"]
[White "Van Wely, Loek"]
[Black "Psakhis, Lev"]
[Result "1-0"]
[WhiteElo "2575"]
[BlackElo "2625"]

1.d4 e6 2.c4 Nf6 3.Nf3 b6 4.Nc3 Bb4 5.Qb3 Qe7 6.g3 Bb7 7.Bg2 O-O 8.O-O Bxc3
9.Qxc3 d6 10.b3 Nbd7 11.Bb2 Be4 12.Rfe1 c5 13.Rad1 Rfd8 14.d5 exd5 15.cxd5 b5
16.Nh4 Bxg2 17.Kxg2 b4 18.Qf3 g6 19.e4 a5 20.Qf4 Ne8 21.Qd2 a4 22.f4 axb3
23.axb3 Ra2 24.Re2 f6 25.Nf3 Ng7 26.Rde1 Re8 27.Qd3 Qd8 28.g4 Qa5 29.Kh1 Qa6
30.Qxa6 Rxa6 31.Nd2 Re7 32.Nc4 Ne8 33.Kg2 Nb6 34.Nxb6 Rxb6 35.Ra1 Kf7 36.Kf3 Rbb7
37.h4 Ra7 38.Ree1 Ng7 39.g5 Nh5 40.Rxa7 Rxa7 41.e5 fxe5 42.fxe5 dxe5 43.Bxe5 Ng7
44.Bxg7 Kxg7 45.d6 Kf7 46.Kf4 Ra3 47.Re7+ Kf8 48.Rxh7 Ke8 49.h5  1-0

[Event "Kiekrz op"]
[Site "Kiekrz"]
[Date "1995.??.??"]
[Round "4"]
[White "Urban, Klaudiusz"]
[Black "Donrault, Patrick"]
[Result "1/2-1/2"]
[WhiteElo "2410"]
[BlackElo "2295"]

1.d4 Nf6 2.c4 e6 3.Nf3 b6 4.Nc3 Bb4 5.Qc2 Bb7 6.a3 Bxc3+ 7.Qxc3 d6 8.e3 Nbd7
9.Be2 Ne4 10.Qc2 a5 11.b3 O-O 12.O-O f5 13.Bb2 Ndf6 14.Rad1 c5 15.Ne1 Ng4
16.d5 Nexf2 17.Rxf2 Nxf2 18.Kxf2 Qh4+ 19.Kg1 e5 20.g3 Qh6 21.Ng2 Rae8 22.Rf1 Bc8
23.Bd3 g6  1/2-1/2

[Event "Platonov mem"]
[Site "Kiev"]
[Date "1995.??.??"]
[Round "7"]
[White "Ostojic, Nikola"]
[Black "Timoshenko, Georgy"]
[Result "1/2-1/2"]
[WhiteElo "2455"]
[BlackElo "2550"]

1.d4 Nf6 2.c4 e6 3.Nf3 b6 4.Nc3 Bb7 5.a3 d5 6.cxd5 Nxd5 7.Qc2 Nxc3 8.bxc3 Be7
9.e4 O-O 10.Bd3 c5 11.O-O Qc8 12.Rd1 cxd4 13.cxd4 Qxc2  1/2-1/2

[Event "Klatovy op"]
[Site "Klatovy"]
[Date "1995.??.??"]
[Round "8"]
[White "Orsag, Milan"]
[Black "Veselovsky, Sergey"]
[Result "1/2-1/2"]
[WhiteElo "2390"]
[BlackElo "2450"]

1.d4 Nf6 2.c4 e6 3.Nf3 b6 4.Nc3 Bb4 5.Bg5 Bb7 6.e3 Be7 7.Bd3 c5 8.O-O cxd4
9.exd4 O-O 10.Re1 d5 11.Bxf6 Bxf6 12.cxd5 exd5 13.Qb3 Nc6 14.Rad1 Na5 15.Qc2 g6
16.Ne5 Rc8 17.Qe2 Bg7 18.Bb5 Qd6 19.h4 f6 20.Nf3 Nc4 21.h5 g5 22.Qc2 a6 23.Bxc4 Rxc4
24.Qf5 b5 25.Re6 Qd7 26.h6 Bxh6 27.Ne5 Qd8 28.Ng4 Bg7 29.Rde1 Rc7 30.Ne3 b4
31.Ncxd5 Rd7 32.Nxb4 Rxd4 33.Nxa6 Bc8 34.Nc5 Rf4 35.Qc2 Qa5 36.Qc3 Qxc3 37.bxc3 f5
38.c4 Bd4 39.Rc6 Re8 40.a4 g4 41.g3 Rf3 42.Nb3 Bxe3 43.Rxe3 Rfxe3 44.fxe3 Bd7
45.Rc7 Rxe3 46.Nd4 Bxa4 47.Nxf5 Rf3 48.Nh6+ Kf8 49.Kg2 Rf6 50.Nxg4 Rc6 51.Rxc6 Bxc6+
52.Kf2 Ke7 53.Ke3 Ke6 54.Kd4 Kf5 55.Ne3+ Kg5 56.Kc5 Ba4 57.Kd4 h5  1/2-1/2

[Event "Konik op"]
[Site "?"]
[Date "1995.??.??"]
[Round "?"]
[White "Lys, Josef"]
[Black "Kolar, Srecko"]
[Result "1-0"]
[WhiteElo "2255"]
[BlackElo "2080"]

1.d4 Nf6 2.Nf3 e6 3.c4 b6 4.Nc3 Bb7 5.Qc2 d5 6.cxd5 exd5 7.Bf4 c6 8.e3 Be7
9.Bd3 Nbd7 10.h3 O-O 11.g4 h6 12.O-O-O c5 13.g5 hxg5 14.Nxg5 Nh5 15.Bh7+ Kh8
16.Bg8 Ndf6 17.Bxf7 Nxf4 18.exf4 Qd6 19.Qf5 Bc8 20.Be6 cxd4 21.Rxd4 b5 22.Bxc8 Qc5
23.Rxd5 Qxc8 24.Qxc8 Raxc8 25.Rxb5 Nh7 26.Ne6 Rf6 27.f5 a5 28.Rg1 Bb4 29.Kc2 Rf7
30.Rg3 Nf6 31.a3 Ne4 32.axb4 Nxg3 33.fxg3 axb4 34.Rxb4 Rxf5 35.Nf4 g5 36.Nd3 Kg7
37.Rg4 Kh6 38.b4 Rf3 39.Nc5 Rf2+ 40.Kb3 Rh2 41.N3e4 Rxh3 42.Rxg5 Rh1 43.Rd5 Rb1+
44.Kc3 Kg6 45.g4 Rb8 46.Rd6+ Kf7 47.Nd3 Ke7 48.Rd4 Ke6 49.Nec5+ Kf7 50.Ne5+ Kg7
51.g5 Re1 52.Rd7+ Kg8 53.Ncd3 Rg1 54.g6 Rg2 55.Kd4 Rc2 56.Ng4 Rg2 57.Nf6+ Kf8
58.Rf7+  1-0

[Event "Kosice op"]
[Site "Kosice"]
[Date "1995.??.??"]
[Round "?"]
[White "Vorovic, Arkadij"]
[Black "Lembak, Jurij"]
[Result "0-1"]
[WhiteElo "2145"]
[BlackElo "2300"]

1.d4 Nf6 2.Nf3 e6 3.c4 b6 4.Nc3 Bb4 5.Bg5 h6 6.Bh4 O-O 7.Rc1 Bb7 8.e3 d5
9.cxd5 exd5 10.Bd3 Be7 11.O-O c5 12.Qa4 c4 13.Bb1 Nc6 14.Ne5 Nxe5 15.dxe5 Nd7
16.Qc2 g6 17.Bg3 Nc5 18.Rcd1 h5 19.f4 Nd3 20.Rxd3 cxd3 21.Qxd3 Bc5 22.h4 d4
23.Ne4 dxe3 24.Nxc5 bxc5 25.Qxe3 Qd4 26.Bf2 Qxe3 27.Bxe3 Rfd8 28.Bxc5 Rd2
29.Rf2 Rd1+ 30.Rf1 Rad8 31.Bd6 Rxf1+ 32.Kxf1 Rc8 33.Bd3 Bd5 34.a3 Rc1+ 35.Kf2 Rd1
36.Ke2 Rg1 37.Bc5 Rxg2+ 38.Bf2 a5 39.b4 axb4 40.axb4 Kf8 41.Ba6 Rh2 42.b5 Bc4+
43.Ke3 Ke7 44.Kf3 Kd7 45.Bc5 Bd5+ 46.Kg3 Rh1  0-1

[Event "Kuopio op1"]
[Site "Kuopio"]
[Date "1995.??.??"]
[Round "?"]
[White "Yrjola, Jouni"]
[Black "Keskisarja, Teemu"]
[Result "1-0"]
[WhiteElo "2440"]
[BlackElo "2260"]

1.d4 Nf6 2.c4 e6 3.Nf3 b6 4.Nc3 Bb7 5.a3 g6 6.Qc2 Bg7 7.e4 d5 8.cxd5 exd5
9.e5 Ne4 10.Bb5+ Nd7 11.Nxe4 dxe4 12.Ng5 O-O 13.e6 Nf6 14.exf7+ Kh8 15.Ne6 Qd5
16.Bc4 Qc6 17.Nxf8 Rxf8 18.Be3 Ng4 19.O-O-O Nxe3 20.fxe3 b5 21.Bb3 Qf6 22.Kb1 Qg5
23.Rhe1 Rc8 24.Be6  1-0

[Event "Kuopio op1"]
[Site "Kuopio"]
[Date "1995.??.??"]
[Round "?"]
[White "Skomorokhin, Roman"]
[Black "Shneider, Aleksandr"]
[Result "0-1"]
[WhiteElo "2465"]
[BlackElo "2530"]

1.d4 Nf6 2.c4 e6 3.Nf3 b6 4.Nc3 Bb4 5.Bg5 Bb7 6.e3 h6 7.Bh4 Bxc3+ 8.bxc3 d6
9.Nd2 g5 10.Bg3 Qe7 11.f3 Nbd7 12.e4 O-O-O 13.Qa4 Kb8 14.O-O-O Nh5 15.Bf2 c5
16.h4 g4 17.fxg4 Nhf6 18.Be2 Rhg8 19.Bf3 Nxg4 20.Bg1 cxd4 21.cxd4 e5 22.d5 Rc8
23.Nb3 f5 24.Kb1 fxe4 25.Bxe4 Ngf6 26.Bf5 Rxg2 27.Be3 Rg3 28.Rhe1 Rf3 29.Be6 Rc7
30.Na1 Bc8 31.Qc2 Ng4 32.Bg1 Qxh4 33.Qe4 Rf1 34.Rxf1 Ne3 35.Qd3 Nxd1 36.Rxd1 Nc5
37.Bxc5 Rxc5 38.Rc1 Qd4 39.Qxd4 exd4 40.Kb2 Bxe6 41.dxe6 Re5 42.Rd1 Rxe6
43.Rxd4 Kc7 44.Rf4 Kc6 45.Rf7 a5 46.Kb3 Re3+ 47.Kb2 Re4 48.Kc3 h5 49.Rh7 h4
50.Rh5 Re3+ 51.Kc2 h3 52.Kb2 Re2+ 53.Kb3 h2 54.a3  0-1

[Event "Kuopio op2"]
[Site "Kuopio"]
[Date "1995.??.??"]
[Round "?"]
[White "Karner, Hillar"]
[Black "Veingold, Aleksandr"]
[Result "1/2-1/2"]
[WhiteElo "2325"]
[BlackElo "2410"]

1.d4 Nf6 2.Nf3 e6 3.c4 b6 4.Nc3 Bb7 5.Bg5 h6 6.Bxf6 Qxf6 7.Rc1 Bb4 8.a3 Bxc3+
9.Rxc3 d6 10.g3 Nd7 11.Bg2 O-O 12.O-O Be4 13.Re3 d5 14.cxd5 exd5 15.Bh3 Rfd8
16.Qa4 Nf8 17.Rc1 c5 18.dxc5 Qxb2 19.Qd1 bxc5 20.Rxc5 Rab8 21.Nd4 Rd6 22.f3 Bg6
23.Kf2 Qb6 24.Rb5 Qd8 25.Rxb8 Qxb8 26.Qb3 Qd8 27.Qc3 Nd7 28.Bxd7 Qxd7 29.Qc5 Kh7
30.Kg2 h5 31.h4 Ra6 32.Qf8 Qd6 33.Qc8 Rxa3 34.Re8 Be4 35.Nb5 Bxf3+ 36.exf3 Ra2+
37.Kh3 Qf6 38.f4 g6 39.Re5 Qb6 40.Qf8  1/2-1/2

[Event "Clarin op"]
[Site "La Carlota"]
[Date "1995.??.??"]
[Round "5"]
[White "Slipak, Sergio"]
[Black "Quiroga, Facundo"]
[Result "1/2-1/2"]
[WhiteElo "2520"]
[BlackElo "2430"]

1.d4 Nf6 2.Nf3 e6 3.c4 b6 4.Nc3 Bb4 5.Bg5 h6 6.Bh4 g5 7.Bg3 Bb7 8.Nd2 c5
9.a3 Bxc3 10.bxc3 d6 11.a4 Nh5 12.e3 Nxg3 13.hxg3 Nd7 14.f3 f5 15.Bd3 Nf6
16.a5 Kf7 17.Kf2  1/2-1/2

[Event "Clarin op"]
[Site "La Carlota"]
[Date "1995.??.??"]
[Round "7"]
[White "Soppe, Guillermo"]
[Black "Quiroga, Facundo"]
[Result "1/2-1/2"]
[WhiteElo "2455"]
[BlackElo "2430"]

1.d4 Nf6 2.c4 e6 3.Nf3 b6 4.Nc3 Bb4 5.Bg5 h6 6.Bh4 Bb7 7.e3 g5 8.Bg3 Ne4
9.Qc2 d6 10.Bd3 Bxc3+ 11.bxc3 f5 12.d5 Nd7 13.Bxe4 fxe4 14.Qxe4 Qf6 15.O-O O-O-O
16.Qxe6 Qxe6 17.dxe6 Nc5 18.Nd2 Rde8 19.f3 Rhg8 20.e4 Ba6 21.a4 Nb7 22.Rfe1 Rxe6
23.e5 dxe5 24.Rxe5 Rxe5 25.Bxe5 Na5 26.c5 bxc5 27.Ne4 Nb3 28.Rb1 Bc4 29.Rd1 Be2
30.Re1 Bd3 31.Nf6 Rg6 32.Kf2 Kb7 33.g3 c4 34.f4 gxf4 35.gxf4 Nc5 36.Bd4 Nxa4
37.Ra1 c5 38.Be5 Nb6 39.Ra5 Nc8 40.Rxc5 Nd6 41.Bxd6 Rxf6 42.Be5 Rf5 43.Ke3 Rh5
44.Rb5+ Kc6 45.Ra5 Rxh2 46.Rxa7  1/2-1/2

[Event "La Coruna TH op"]
[Site "La Coruna"]
[Date "1995.??.??"]
[Round "8"]
[White "Guerra, Enrique"]
[Black "Guimaraes, Jorge"]
[Result "0-1"]
[WhiteElo "2030"]
[BlackElo "2335"]

1.d4 Nf6 2.Nf3 e6 3.c4 b6 4.Nc3 Bb7 5.a3 d5 6.cxd5 exd5 7.Qa4+ c6 8.g3 Bd6
9.Bg2 O-O 10.O-O Re8 11.Bg5 Nbd7 12.Rac1 h6 13.Bf4 Bf8 14.Ne5 Nxe5 15.Bxe5 Nd7
16.Bf4 g5 17.Be3 Bg7 18.Qc2 Nf6 19.h3 Qe7 20.Qd2 Rad8 21.Rfe1 c5 22.Red1 Ne4
23.Nxe4 dxe4 24.Qc3 Rd7 25.Rd2 Red8 26.Rcd1 a5 27.Qc4 cxd4 28.Bxd4 b5 29.Qc3 b4
30.axb4 Qxb4 31.Qxb4 axb4 32.Be3 Rxd2 33.Rxd2 Rxd2 34.Bxd2 b3 35.Bc1 f5 36.Kf1 Kf7
37.Ke1 Ke6 38.Bh1 Be5 39.Bg2 Bd5 40.Bh1 f4 41.gxf4 gxf4 42.Bg2 Kf5 43.Bf1 Bc4
44.Bg2 Bf6 45.Bf1 h5 46.Bg2 Bh4 47.e3 f3  0-1

[Event "Lazne Bohdanec"]
[Site "Lazne Bohdanec"]
[Date "1995.??.??"]
[Round "6"]
[White "Vokac, Marek"]
[Black "Sax, Gyula"]
[Result "0-1"]
[WhiteElo "2475"]
[BlackElo "2535"]

1.d4 Nf6 2.c4 e6 3.Nf3 b6 4.Nc3 Bb7 5.a3 d5 6.cxd5 Nxd5 7.e3 g6 8.h4 Bg7
9.h5 Nd7 10.Bd3 O-O 11.e4 Nxc3 12.bxc3 Nc5 13.hxg6 hxg6 14.dxc5 Bxc3+ 15.Ke2 Bxa1
16.Qg1 Qd7 17.Qh2 Rfd8 18.Qh7+ Kf8 19.Bh6+ Ke8 20.Ne1 Qe7 21.Nc2 Bf6 22.c6 Bxc6
23.Nb4 Ba4 24.Bf4 a5 25.e5 Bg5 26.Bxg5 Qxg5 27.Qg7 axb4 28.Rh7 Qg4+ 29.Ke3 Qd4+  0-1

[Event "Leeuwarden op"]
[Site "Leeuwarden"]
[Date "1995.??.??"]
[Round "2"]
[White "Gretarsson, Helgi Ass"]
[Black "Hjartarson, Johann"]
[Result "1-0"]
[WhiteElo "2420"]
[BlackElo "2570"]

1.d4 Nf6 2.c4 e6 3.Nf3 b6 4.Nc3 Bb4 5.Qb3 c5 6.a3 Ba5 7.Bg5 Bb7 8.O-O-O Bxc3
9.Qxc3 Ne4 10.Bxd8 Nxc3 11.bxc3 Kxd8 12.d5 Ke7 13.e4 d6 14.Bd3 Nd7 15.Rhe1 Rad8
16.a4 h6 17.Kc2 g5 18.a5 bxa5 19.Ra1 Ra8 20.Rxa5 f6 21.Nd2 Rhb8 22.g3 a6
23.Be2 Ne5 24.Bh5 Bc8 25.f4 Rb2+ 26.Kxb2 Nd3+ 27.Kc2 Nxe1+ 28.Kd1 Nd3 29.Be2 Nf2+
30.Ke1 Nh3 31.Bg4 exd5 32.f5 Ng1 33.Kf1 h5 34.Bxh5 dxe4 35.Kxg1 Bxf5 36.Bd1 Bg6
37.g4 Rb8 38.Kf2 Rh8 39.Nf1 Rh3 40.Rxa6 Rxc3 41.Ne3 Rc1 42.Ra7+ Ke6 43.Nd5 Rxc4
44.Bb3 Kxd5 45.Ra4 Ke5 46.Rxc4 Bf7 47.Rc3 Be8 48.Ke3 Bd7 49.Rc4 f5 50.gxf5 Bxf5
51.Ba4 Bh7 52.Bc6 Bf5 53.Rc1  1-0

[Event "Leeuwarden op"]
[Site "Leeuwarden"]
[Date "1995.??.??"]
[Round "4"]
[White "Komarov, Dimitri"]
[Black "Lobron, Eric"]
[Result "0-1"]
[WhiteElo "2575"]
[BlackElo "2595"]

1.d4 Nf6 2.c4 e6 3.Nf3 b6 4.Nc3 Bb4 5.Bg5 Bb7 6.e3 Bxc3+ 7.bxc3 h6 8.Bh4 Qe7
9.Nd2 g5 10.Bg3 d6 11.h4 Rg8 12.hxg5 hxg5 13.Be2 Nc6 14.Qa4 Qd7 15.Rh6 Ne5
16.Qd1 Ng6 17.Bf3 Bxf3 18.Qxf3 Ke7 19.e4 e5 20.O-O-O Qe6 21.Nf1 exd4 22.Rxd4 Rh8
23.Rxh8 Rxh8 24.Ne3 Rh1+ 25.Kc2 Ne5 26.Nf5+ Kd7 27.Bxe5 Qxe5 28.g3 Re1 29.Nh6 Qe6
30.Kb2 Rxe4 31.Rxe4 Nxe4 32.Nxf7 Nd2 33.Qh5 Nxc4+ 34.Kc2 Qd5 35.Qg4+ Ke8
36.Nxg5 Qd2+ 37.Kb3 Na5+ 38.Ka4 Qxa2+ 39.Kb5 Qd5+ 40.Ka6 Qb7+ 41.Kb5 Qd5+
42.Ka6 Qb7+ 43.Kb5 c6+ 44.Ka4 Qd7 45.Qe2+ Kd8 46.Ne6+ Kc8 47.Ka3 d5 48.Qa6+ Kb8
49.Nd4 c5 50.Nc2 Nc4+ 51.Kb3 Qe8 52.Na3 Na5+ 53.Ka2 Qe1 54.Qd3 Qxf2+ 55.Kb1 Qe1+
56.Kb2 Qe6 57.g4 Qxg4 58.Qxd5 Qe2+ 59.Kc1 Qe8 60.Kd2 Kc7 61.Kc1 a6 62.Qd3 Qe1+
63.Kc2 Qe6 64.Qg3+ Kc8 65.Kc1 Nc4 66.Nxc4 Qxc4 67.Qe5 Qf7 68.Qe4 Kb8 69.Kb2 Ka7
70.Qc6 a5 71.Ka3 Qb7 72.Qd6 c4 73.Ka4 Ka6 74.Qe6 Qc7 75.Qd5 Qc8 76.Qb5+ Kb7
77.Qb1 Qe8+ 78.Ka3 Qe3 79.Ka4 Qd3 80.Qh1+ Kc7 81.Kb5 Qd7+ 82.Ka6 a4 83.Qb7+ Kd6
84.Qb8+ Kd5 85.Qg8+ Qe6 86.Qd8+ Ke4 87.Qd4+ Kf5 88.Qf2+ Kg5 89.Qd2+ Kf6 90.Kb5 a3
91.Ka4 a2 92.Qf2+ Ke7 93.Qxa2 Qc6+ 94.Ka3 Qa8+ 95.Kb2 Qxa2+ 96.Kxa2 Kd6 97.Ka3 Kc6
98.Ka4 b5+ 99.Ka3 Kc5 100.Kb2 Kd5 101.Kc2 Ke4 102.Kd2 Kf3  0-1

[Event "Leeuwarden op"]
[Site "Leeuwarden"]
[Date "1995.??.??"]
[Round "6"]
[White "Mikhalevski, Alexander"]
[Black "Chuchelov, Vladimir"]
[Result "0-1"]
[WhiteElo "2405"]
[BlackElo "2550"]

1.d4 Nf6 2.c4 e6 3.Nf3 b6 4.Nc3 Bb4 5.Qc2 Bb7 6.a3 Bxc3+ 7.Qxc3 O-O 8.b3 d5
9.e3 Nbd7 10.Be2 c5 11.O-O dxc4 12.bxc4 Rc8 13.Qb3 Qc7 14.Nd2 cxd4 15.exd4 e5
16.d5 Nc5 17.Qg3 b5 18.Bb2 Ncd7 19.Rac1 Qb6 20.Ba1 Rfe8 21.Rb1 Qc7 22.Rfc1 Bxd5
23.Rxb5 Bc6 24.Rbb1 Nc5 25.Qe3 Ba4 26.Nf1 Nfe4 27.Bf3 Nf6 28.Ng3 Rcd8 29.Bd5 g6
30.h3 Qd6 31.Bc3 Nxd5 32.cxd5 Qxd5 33.Qg5 Nd3 34.Nh5 Rd6 35.Rf1 Bc6 36.f3 Qc5+
37.Kh1 Qxc3 38.Qh6 e4 39.fxe4 Qe5 40.Rf6 Qxf6 41.Nxf6+ Rxf6 42.Qh4 Kg7 43.Kg1 Rxe4  0-1

[Event "Leeuwarden op"]
[Site "Leeuwarden"]
[Date "1995.??.??"]
[Round "8"]
[White "Mikhalevski, Victor"]
[Black "Ligterink, Gert"]
[Result "1/2-1/2"]
[WhiteElo "2495"]
[BlackElo "2440"]

1.d4 Nf6 2.c4 e6 3.Nf3 b6 4.Nc3 Bb4 5.Bg5 Bb7 6.e3 h6 7.Bh4 Bxc3+ 8.bxc3 d6
9.Nd2 g5 10.Bg3 Qe7 11.h4 Rg8 12.hxg5 hxg5 13.c5 dxc5 14.Bb5+ Bc6 15.Bxc6+ Nxc6
16.Qf3 Kd7 17.dxc5 g4 18.Qd1 Kc8 19.Bh4 Rh8 20.Qa4 Kb7 21.O-O-O Rxh4 22.Rxh4 Nd5
23.Rdh1 Nxc3 24.Qc4 Qf6 25.Rh6 Qg7 26.a3 b5 27.Qb3 a6 28.Qb2 Rg8 29.Kc2 Na4
30.Qxg7 Rxg7 31.R1h5 Rg8 32.Rh7 f5 33.Nb3 Rd8 34.Rg7 Rd5 35.Rhh7 Nxc5 36.Rxc7+ Kb6
37.Nxc5 Rxc5+ 38.Kb2 g3 39.f4 Na5 40.Rce7 Nc4+ 41.Ka2 Nd2 42.Rxe6+ Ka5 43.Kb2 Nc4+
44.Kc3 Nxa3+ 45.Kb3 Nc4 46.Rd7 b4 47.Re8 Nb6 48.Rc7 Rxc7 49.Re5+  1/2-1/2

[Event "Linares zt"]
[Site "Linares"]
[Date "1995.??.??"]
[Round "6"]
[White "Van Wely, Loek"]
[Black "Nijboer, Friso"]
[Result "1-0"]
[WhiteElo "2585"]
[BlackElo "2485"]

1.d4 Nf6 2.c4 e6 3.Nf3 b6 4.Nc3 Bb4 5.Qb3 a5 6.g3 d5 7.cxd5 Qxd5 8.Qxd5 exd5
9.a3 Bxc3+ 10.bxc3 Ba6 11.Bf4 Nbd7 12.Bh3 Ne4 13.Rc1 g6 14.Ne5 f5 15.c4 Ndf6
16.f3 Nd6 17.Bg5 O-O 18.Bxf6 Rxf6 19.cxd5 Nb5 20.Kf2 Rd8 21.e3 Nxa3 22.Rxc7 b5
23.Nc6 Rdd6 24.Bf1 Nc4 25.Bxc4 bxc4 26.Ra1 Bc8 27.Rxa5  1-0

[Event "Litomysl op"]
[Site "Litomysl"]
[Date "1995.??.??"]
[Round "3"]
[White "Beil, Zdenek"]
[Black "Polak, Tomas"]
[Result "1/2-1/2"]
[WhiteElo "2315"]
[BlackElo "2450"]

1.d4 Nf6 2.Nf3 e6 3.c4 b6 4.Nc3 Bb4 5.Bg5 Bb7 6.e3 h6 7.Bh4 Bxc3+ 8.bxc3 d6
9.Nd2 g5 10.Bg3 Qe7 11.h4 Rg8 12.hxg5 hxg5 13.Qb3 Nc6 14.c5 dxc5 15.dxc5 O-O-O
16.cxb6 axb6 17.O-O-O Nd5 18.Nc4 f5 19.Be2 Qc5 20.Rh6 b5 21.Qa3 Qxa3+ 22.Nxa3 Nxc3
23.Rxd8+ Rxd8 24.Bxb5 Nb4 25.Bc4 Bd5 26.Kb2 Ne4 27.Kb3 Nd3 28.Bxd5 Rxd5 29.Rxe6 Ra5
30.Re7 Nec5+ 31.Kc4 Rxa3 32.Rxc7+ Kd8 33.Rf7 Ne4 34.Rxf5 Nxg3 35.Rd5+ Ke7
36.Rxd3 Rxa2 37.fxg3 Rxg2 38.e4 Ke6 39.Kd4 Ra2 40.Rc3 Ra5 41.Rc4 Ra6 42.Rc3 Ra4+
43.Ke3 Ra5 44.Kf3 Ke5 45.Rd3 Ra4 46.Rd5+ Kf6 47.Rd6+ Kf7 48.Rd3 Kf6 49.Re3 Rb4
50.e5+ Ke6 51.Re4 Rb3+ 52.Kg4 Ra3 53.Re1 Rb3 54.Rg1 Rb8 55.Kxg5 Kxe5 56.Re1+ Kd5
57.g4 Rg8+ 58.Kf4 Rf8+ 59.Kg3 Rg8  1/2-1/2

[Event "Capablanca mem-B"]
[Site "Matanzas"]
[Date "1995.??.??"]
[Round "1"]
[White "Hernandez, Roman"]
[Black "Servat, Roberto"]
[Result "1/2-1/2"]
[WhiteElo "2435"]
[BlackElo "2450"]

1.d4 Nf6 2.Nf3 e6 3.c4 b6 4.Nc3 Bb7 5.a3 d5 6.cxd5 Nxd5 7.e3 Be7 8.Bb5+ c6
9.Bd3 O-O 10.e4 Nxc3 11.bxc3 c5 12.O-O Nc6 13.Be3 cxd4 14.cxd4 Rc8 15.Qe2 Na5
16.Rfd1 Rc7 17.Bf4 Bd6 18.Bg5 Be7 19.Bf4 Bd6 20.Be3  1/2-1/2

[Event "Capablanca mem-B"]
[Site "Matanzas"]
[Date "1995.??.??"]
[Round "7"]
[White "Alvarez Ibarra, D Rafael"]
[Black "Servat, Roberto"]
[Result "1/2-1/2"]
[WhiteElo "2440"]
[BlackElo "2450"]

1.d4 Nf6 2.c4 e6 3.Nf3 b6 4.Nc3 Bb7 5.a3 d5 6.cxd5 Nxd5 7.Bd2 Nd7 8.Qc2 c5
9.Nxd5 Bxd5 10.e4 Bb7 11.Bc3 cxd4 12.Nxd4 a6 13.O-O-O Qc7 14.Bd3 Rc8 15.Rhe1 Nc5
16.e5 Nxd3+ 17.Rxd3 Be7 18.f4 Qc4 19.f5 Bg5+ 20.Kb1 Bd5 21.b3 Qc5 22.Bb4 Qxc2+  1/2-1/2

[Event "Capablanca mem-B"]
[Site "Matanzas"]
[Date "1995.??.??"]
[Round "8"]
[White "Hernandez, Roman"]
[Black "Alvarez, Jose"]
[Result "1/2-1/2"]
[WhiteElo "2435"]
[BlackElo "2345"]

1.c4 e6 2.Nf3 Nf6 3.d4 b6 4.Nc3 Bb7 5.Bg5 Bb4 6.Rc1 h6 7.Bxf6 Qxf6 8.e3 O-O
9.Be2 d6 10.O-O Bxc3 11.Rxc3 Nd7 12.Nd2 c5 13.Bf3 Bxf3 14.Qxf3 cxd4  1/2-1/2

[Event "Fide Mercenarios 7th"]
[Site "MEX"]
[Date "1995.??.??"]
[Round "5"]
[White "Calderin, Roberto"]
[Black "De Winter, Willy"]
[Result "1-0"]
[WhiteElo "2445"]
[BlackElo "2170"]

1.d4 Nf6 2.Nf3 e6 3.c4 b6 4.Nc3 Bb7 5.Bg5 Be7 6.Qc2 d6 7.Rd1 Nbd7 8.e4 h6
9.Bh4 Nh7 10.Bg3 Ndf6 11.h3 Ng5 12.Nd2 Nh5 13.Bh2 g6 14.Be2 Ng7 15.O-O f5
16.e5 O-O 17.f4 Nf7 18.d5 dxe5 19.fxe5 Bc5+ 20.Kh1 Qe7 21.Bf3 Ng5 22.d6 cxd6
23.exd6 Qd7 24.Bxb7 Qxb7 25.Nf3 Rad8 26.Nxg5 hxg5 27.Qe2 f4 28.Ne4 Rf5 29.Bg1 Be3
30.Qf3 Qc8 31.g4 Rff8 32.Bxe3 fxe3 33.Qxe3 Rxf1+ 34.Rxf1 Qxc4 35.Kg1 Qb5
36.a4 Qc6 37.Nf6+ Kh8 38.Ne4 Rc8 39.Nxg5 e5 40.Ne4 g5 41.Nxg5 Kg8 42.Ne4 Rf8
43.Rxf8+ Kxf8 44.Qf3+  1-0

[Event "Minsk"]
[Site "Minsk"]
[Date "1995.??.??"]
[Round "11"]
[White "Dydyshko, Viacheslav"]
[Black "Tunik, Gennady"]
[Result "1-0"]
[WhiteElo "2495"]
[BlackElo "2530"]

1.d4 Nf6 2.c4 e6 3.Nf3 b6 4.Nc3 Bb7 5.a3 g6 6.g3 Bg7 7.d5 O-O 8.Bg2 c6 9.dxe6 dxe6
10.Bf4 c5 11.O-O Nc6 12.Nb5 Qxd1 13.Raxd1 Na5 14.Nd6 Nh5 15.b4 Nxf4 16.gxf4 Bxf3
17.Bxf3 Nb3 18.Bxa8 Rxa8 19.Rd3 Nd4 20.e3 Rd8 21.exd4 Rxd6 22.bxc5 bxc5 23.d5 Bd4
24.dxe6 Rxe6 25.Rb1 Re2 26.Rb7 Rc2 27.Rxa7 Bxf2+ 28.Kg2 Bd4+ 29.Kg3 Rxc4
30.a4 Rb4 31.Ra3 c4 32.Rc7 c3 33.a5 Kg7 34.a6 Rb8 35.Kf3 Re8 36.Ra4 Bf6 37.a7 Ra8
38.Ke2 g5 39.fxg5 Be5 40.Rc5 Bxh2 41.Rxc3 Kg6 42.Rc5 Bg1 43.Ra6+ Kg7 44.Rc7 Bh2
45.Rb7 Be5 46.Kf3  1-0

[Event "Mlada Boleslav op"]
[Site "?"]
[Date "1995.??.??"]
[Round "?"]
[White "Frolik, Martin"]
[Black "Kacirek, Petr"]
[Result "0-1"]
[WhiteElo "2260"]
[BlackElo "2250"]

1.d4 Nf6 2.Nf3 e6 3.c4 b6 4.Nc3 Bb4 5.e3 O-O 6.Bd3 Bxc3+ 7.bxc3 c5 8.O-O d6
9.Qc2 Nc6 10.Rd1 Qe7 11.d5 Na5 12.e4 e5 13.Bg5 h6 14.Bh4 Bg4 15.Be2 Bxf3
16.Bxf3 Nxc4 17.Be2 Na5 18.Rd3 g5 19.Rg3 Nh7 20.Qd2 Kh8 21.Rg4 Rg8 22.h3 gxh4
23.Qxh6 Rxg4 24.Bxg4 Qf6 25.Qh5 Rg8 26.f4 Rg7 27.fxe5 Qxe5 28.Qxh4 Qg5 29.Qg3 Nc4
30.Rf1 Qe3+ 31.Qf2 Ng5 32.Qxe3 Nxe3 33.Rf4 Nxg4 34.Rxg4 f6 35.h4 Nh7 36.Rf4 Rg3
37.Kf2 Rxc3 38.g4 Kg7 39.Rf5 Rh3 40.Rh5 c4  0-1